| 000 | 01144cam a22003377a 4500 | ||
|---|---|---|---|
| 001 | 3493875 | ||
| 003 | PILC | ||
| 005 | 20160623170945.0 | ||
| 008 | 940418s1992 nyu 000 0 eng | ||
| 010 | _a 94146866 | ||
| 020 |
_a0553480502 (pbk.) : _c$3.25 |
||
| 040 |
_aDLC _cDLC _dDLC |
||
| 050 |
_aPZ 7 _b.K26n64 1992 |
||
| 082 |
_aFIC _bSu9sv #64 |
||
| 100 | 1 |
_aSuzanne, Jamie. _94455 |
|
| 245 | 1 | 4 |
_aThe charm school mystery / _cwritten by Jamie Suzanne ; created by Francine Pascal. |
| 260 |
_aNew York : _bBantam, _c1992. |
||
| 300 |
_a138 p. ; _c20 cm. |
||
| 440 |
_aSweet Valley twins and friends _n#64 _918734 |
||
| 500 | _a"A Bantam Skylark Book." | ||
| 500 |
_aSource: Copyright deposit, Oct. 21, 1992. _5DLC |
||
| 650 |
_aFiction _9746 |
||
| 700 | 1 |
_aPascal, Francine. _93767 |
|
| 710 | 2 |
_aBantam Books (Firm) _94379 |
|
| 710 | 2 |
_aCopyright Paperback Collection (Library of Congress) _5DLC _9705 |
|
| 856 | 4 | 2 |
_3Publisher description _uhttp://www.loc.gov/catdir/description/random0413/94146866.html |
| 906 |
_a7 _bcbc _corignew _du _encip _f19 _gy-gencatlg |
||
| 942 |
_2lcc _cBK |
||
| 999 |
_c11051 _d11051 |
||